| 000 | 00554nam a22001697a 4500 | ||
|---|---|---|---|
| 003 | OSt | ||
| 005 | 20241107134931.0 | ||
| 008 | 241107b |||||||| |||| 00| 0 eng d | ||
| 040 | _c0 | ||
| 082 | _aDPer050 M72 January-March 2018 v. 66 no. 8-10 | ||
| 100 |
_aEstioco, Ardashir R. _eauthor. _963743 |
||
| 245 |
_aA womam's worth / _cArdashir R. Estioco. |
||
| 260 |
_aManila, Philippines ; _bIn the Grade School, Inc, _cMarch 2019. |
||
| 300 |
_aVolume 66, page 367 , _billustration. |
||
| 700 |
_aEstioco, Ardashir R. _eauthor. _947314 |
||
| 942 |
_2ddc _cPER |
||
| 999 |
_c23078 _d23078 |
||